| 000 | 00413nam a22001697a 4500 | ||
|---|---|---|---|
| 999 |
_c524185 _d524185 |
||
| 003 | NUST | ||
| 038 | _aabdul basit | ||
| 082 |
_a891.421 _bASR |
||
| 100 |
_aAsri, Nadam _915002 |
||
| 245 |
_aWardatan / _cNadam Asri |
||
| 260 |
_aLahore : _bQazi art, _c1976. |
||
| 300 | _a96 p. ; | ||
| 500 | _aPapercover. | ||
| 880 |
_6100-02\r _aنادم عصری |
||
| 880 |
_6245-02\r _aوارداتاں / |
||
| 942 |
_2ddc _cBK |
||